Statistiken für Top 10 Fußball Ligen in Europa

Klicken Sie hier um das Quiz zu spielen!

Allgemein

  • Dieses Quiz wurde 291 mal gespielt
  • Das Durchschnittsergebnis liegt bei 7 aus 10

Antwortstatistiken

HintAntwort% Korrekt
4Bundesliga
100%
1Premier League
93%
3Serie A
91%
9Süper lig
90%
2LaLiga
89%
6Ligue 1
84%
5Eredivisie
39%
7Liga Portugal
33%
8Pro League
29%
10Premiership
3%

Verteilung der Resultate

Perzentil nach korrekt beantworteten Fragen

Anzahl Personen mit jedem Resultat

Ihre Resultats-Entwicklung

Sie haben dieses Quiz noch nicht gespielt